Prevod obchodného podielu v spoločnosti s ručením obmedzeným

Pojem obchodného podielu. Obchodný podiel ako predmet právneho vzťahu. Význam prevodu obchodného podielu. Podmienky prevodu obchodného podielu na tretiu osobu. Prevod obchodného podielu vo vzťahu k jednotlivým majetkovým právam tvoriacich súčasť obchodného podielu.

Na minha lista:
Detalhes bibliográficos
Autor principal: Ovečková, Oľga
Formato: Capítulo de Livro
Idioma:eslovaco
Assuntos:
Tags: Adicionar Tag
Sem tags, seja o primeiro a adicionar uma tag!

MARC

LEADER 00000naa a2200000 4500
001 r040192
005 20230728094924.5
041 0 |a slo 
044 |a SK 
245 1 0 |a Prevod obchodného podielu v spoločnosti s ručením obmedzeným  |c Oľga Ovečková 
520 |a Pojem obchodného podielu. Obchodný podiel ako predmet právneho vzťahu. Význam prevodu obchodného podielu. Podmienky prevodu obchodného podielu na tretiu osobu. Prevod obchodného podielu vo vzťahu k jednotlivým majetkovým právam tvoriacich súčasť obchodného podielu. 
610 2 0 |a podiely obchodné 
610 2 0 |a pojmy 
610 2 0 |a spoločnosti s r.o. 
610 2 0 |a vzťahy právne 
610 2 0 |a práva majetkové 
610 2 0 |a spoločníci 
100 1 |a Ovečková, Oľga